000 00494nam a2200181Ia 4500
003 GCL
008 140319s9999 xx 000 0 eng d
040 _aGCL /
_cGCL
082 0 4 _a658.45
_bV N
100 1 _aVANDER, SCHAAF T. W.
245 1 0 _aNEAR MISS REPORTING AS SAFETY TOOL /
_cVANDER, SCHAAF T. W.
700 1 _aLUCAS, D. A.(EDITE)
700 1 _aHALE, A. R.(EDIT)
260 _a[S.N] :
_bBUTTERWORTH HEINEMANN ،
_c1991
300 _a151 P
650 0 4 _aMANAGEMENT
942 _2ddc
_cBK
999 _c21399
_d21399